000 01208nac a22002771u 4500
010 _a 93008761
020 _a0412415305
022 _a1861524730
082 0 0 _a658.848
_bB816
090 _c4053
_d4053
100 _aBranch, Alan E.
245 1 0 _aExport practice and management /
_cAlan E. Branch.
250 _a4th ed.
260 _aLondon :
_aNew York ;
_bThomson,
_cc2000.
300 _axiv, 514 p. ;
_c23 cm.
500 _aFirst Published In 1979 As Elements Of Export Practice By Chapman & Hall.
504 _aIncludes bibliographical references and index.
650 0 _aExports
_zGreat Britain
_xHandbooks, manuals, etc.
650 0 _aExports
_xHandbooks, manuals, etc.
650 0 _aCommerce
_xHandbooks, manuals, etc.
651 0 _aGreat Britain
_xCommerce
_xHandbooks, manuals, etc.
700 1 _aBranch, Alan E.
942 _cBB
_k658.848B816
999 _c4053
_d4053